Kanálníčci zachraňují svět /
Uloženo v:
| Série: | Kanálníčci,
část |
|---|---|
| Hlavní autor: | |
| Další autoři: | , |
| Médium: | E-audiokniha |
| Jazyk: | Czech |
| Vydáno: |
Praha :
Voxi,
2025
|
| Témata: | |
| Příbuzné jednotky: | Z cyklu::
Kanálníčci |
| Tagy: |
Žádné tagy |
| LEADER | 03676nim a2200949 i 4500 | ||
|---|---|---|---|
| 001 | 313469 | ||
| 003 | CZ PrSKC | ||
| 005 | 20260601215743.0 | ||
| 007 | sd fungnnmmned | ||
| 008 | 251006s2025 xr nnnnb h n cze | ||
| 015 | |a cnb003711534 | ||
| 020 | |a 9788074484926 : |c Kč 349,00 | ||
| 040 | |a ABA001 |b cze |e rda | ||
| 072 | 7 | |a 821.162.3-3 |x Česká próza |2 Konspekt | |
| 072 | 7 | |a 821-93 |x Literatura pro děti a mládež (beletrie) |2 Konspekt | |
| 080 | |a 821.162.3-32 |2 MRF | ||
| 080 | |a (0:82-32) |2 MRF | ||
| 080 | |a (086.7.053.2) |2 MRF | ||
| 080 | |a (086.7)08 |2 MRF | ||
| 080 | |a (086.76) |2 MRF | ||
| 100 | 1 | |a Fišarová, Michaela, |d 1971- |7 xx0157853 |4 aut | |
| 245 | 1 | 0 | |a Kanálníčci zachraňují svět / |c Michaela Fišarová |
| 264 | 1 | |a Praha : |b Voxi, |c 2025 | |
| 300 | |a 1 audiodisk (3 hod.) ; |c 12 cm | ||
| 306 | |a 030000 | ||
| 336 | |a mluvené slovo |b spw |2 rdacontent | ||
| 337 | |a audio |b s |2 rdamedia | ||
| 338 | |a audiodisk |b sd |2 rdacarrier | ||
| 344 | |a digital |b optical |2 rda | ||
| 347 | |a audio soubor |b MP3 |2 rda | ||
| 500 | |a Název z disku | ||
| 500 | |a Vydalo nakladatelství Voxi ve společnosti Albatros Media a.s. | ||
| 500 | |a Podle stejnojmenné knihy vydané nakladatelstvím Mladá fronta v roce 2025 | ||
| 500 | |a Nezkrácená audiokniha ve formátu MP3 | ||
| 508 | |a Režie, Vanda Hauserová | ||
| 511 | 0 | |a Čte Jan Maxián | |
| 655 | 7 | |a české příběhy |7 fd133973 |2 czenas | |
| 655 | 7 | |a zvukové záznamy pro děti a mládež |7 fd186726 |2 czenas | |
| 655 | 7 | |a audioknihy |7 fd119452 |2 czenas | |
| 655 | 7 | |a kompaktní disky |7 fd201991 |2 czenas | |
| 655 | 9 | |a Czech stories |2 eczenas | |
| 655 | 9 | |a juvenile sound recordings |2 eczenas | |
| 655 | 9 | |a audiobooks |2 eczenas | |
| 655 | 9 | |a compact discs |2 eczenas | |
| 700 | 1 | |a Hauserová, Vanda, |d 1978- |7 xx0105247 |4 drt | |
| 700 | 1 | |a Maxián, Jan, |d 1983- |7 xx0111126 |4 nrt | |
| 787 | 0 | 8 | |i Z cyklu: |t Kanálníčci |
| 900 | |a ABA001 |b 19 | ||
| 044 | |a xr | ||
| 505 | 0 | 0 | |t 1. kapitola (7 min., 44 sek.) |
| 505 | 0 | 0 | |t 2. kapitola (6 min., 54 sek.) |
| 505 | 0 | 0 | |t 3. kapitola (10 min., 5 sek.) |
| 505 | 0 | 0 | |t 4. kapitola (6 min., 44 sek.) |
| 505 | 0 | 0 | |t 5. kapitola (5 min., 33 sek.) |
| 505 | 0 | 0 | |t 6. kapitola (12 min., 3 sek.) |
| 505 | 0 | 0 | |t 7. kapitola (5 min., 18 sek.) |
| 505 | 0 | 0 | |t 8. kapitola (5 min., 40 sek.) |
| 505 | 0 | 0 | |t 9. kapitola (6 min., 29 sek.) |
| 505 | 0 | 0 | |t 10. kapitola (6 min., 23 sek.) |
| 505 | 0 | 0 | |t 11. kapitola (6 min., 55 sek.) |
| 505 | 0 | 0 | |t 12 kapitola (4 min., 56 sek.) |
| 505 | 0 | 0 | |t 13. kapitola (3 min., 37 sek.) |
| 505 | 0 | 0 | |t 14. kapitola (6 min., 37 sek.) |
| 505 | 0 | 0 | |t 15. kapitola (7 min., 2 sek.) |
| 505 | 0 | 0 | |t 16. kapitola (4 min., 42 sek.) |
| 505 | 0 | 0 | |t 17. kapitola (5 min., 5 sek.) |
| 505 | 0 | 0 | |t 18. kapitola (4 min., 42 sek.) |
| 505 | 0 | 0 | |t 19. kapitola (4 min., 15 sek.) |
| 505 | 0 | 0 | |t 20. kapitola (3 min., 30 sek.) |
| 505 | 0 | 0 | |t 21. kapitola (6 min., 0 sek.) |
| 505 | 0 | 0 | |t 22. kapitola (5 min., 20 sek.) |
| 505 | 0 | 0 | |t 23. kapitola (7 min., 39 sek.) |
| 505 | 0 | 0 | |t 24. kapitola (4 min., 23 sek.) |
| 505 | 0 | 0 | |t 25. kapitola (3 min., 58 sek.) |
| 505 | 0 | 0 | |t 26. kapitola (4 min., 38 sek.) |
| 505 | 0 | 0 | |t 27. kapitola (9 min., 3 sek.) |
| 505 | 0 | 0 | |t 28. kapitola (2 min., 35 sek.) |
| 505 | 0 | 0 | |t 29. kapitola (4 min., 48 sek.) |
| 505 | 0 | 0 | |t 30. kapitola (6 min., 33 sek.) |
| 910 | |a RBIT002 | ||
| 998 | |d 421802 |a https://core.palmknihy.cz/api/books/421802/cover?t0qd3x |b https://core.palmknihy.cz/api/books/421802/cover/400?t0qd3x |c https://core.palmknihy.cz/api/books/421802/cover/50?t0qd3x |e 2034-12-31 |i 9788074484926 |l 10800 |q 49 |r 1 |s https://www.palmknihy.cz/kniha/421802 |t audiobook |y 2025 |z 0 | ||
| 999 | |d 313467 | ||